[Event "DOM-chT"]
[Site "Santiago de los Caballeros"]
[Date "2017.08.17"]
[Round "1.3"]
[White "De la Cruz Almanzar, Juan Manuel"]
[Black "Miletich, Dragomir"]
[Result "0-1"]
[WhiteElo "1966"]
[BlackElo "2136"]
[PlyCount "42"]
[EventDate "2017.08.17"]
[EventType "team-swiss"]
[EventRounds "6"]
[EventCountry "DOM"]
[SourceTitle "EXT 2019"]
[Source "ChessBase"]
[SourceDate "2018.10.10"]
[SourceVersion "1"]
[SourceVersionDate "2018.10.10"]
[SourceQuality "1"]
[WhiteTeam "Hermanas Mirabal"]
[BlackTeam "Santiago de los Caballeros"]
[WhiteTeamCountry "DOM"]
[BlackTeamCountry "DOM"]

1. d4 d5 2. e3 Nd7 3. f4 c5 4. c3 f5 5. Nf3 Ngf6 6. Bd3 e6 7. 0-0 Be7 8. Nbd2 0-0 9. Ne5 Nxe5 10. fxe5 Ne4 11. Nxe4 fxe4 12. Be2 Rxf1+ 13. Qxf1 Bd7 14. Bd2 Qb6 15. Qc1 Bb5 16. Bxb5 Qxb5 17. b3 Qd3 18. Be1 Rf8 19. Bf2 Bg5 20. dxc5 Qe2 21. Qe1 Rxf2 0-1